000 00230nam a2200097Ia 4500
008 240625s9999 xx 000 0 und d
041 _aeng
100 _aJERKE NOEL
245 _aVISUAL BASIC 6 THE COMPLETE REFERENCE
260 _c2004
999 _c33179
_d33179